| 000 | 00615nam a22001697a 4500 | ||
|---|---|---|---|
| 005 | 20090619103742.0 | ||
| 008 | 090619t xxu||||| |||| 00| 0 eng d | ||
| 022 | _a0047-6269 | ||
| 082 | _a510 | ||
| 245 |
_aThe mathematics education _ba quarterly journal devoted to mathematics education and research |
||
| 260 |
_aSiwan _bKumar Pankaj _c2007- |
||
| 300 |
_av. _c24 cm |
||
| 310 | _aQuarterly | ||
| 270 |
_bSiwan _e841226 _k06154-243832 _mTMESIWAN_1967@YAHOO.CO.IN |
||
| 942 |
_2ddc _cSR _h510 _mMAT _s1 |
||
| 999 |
_c27617 _d27617 |
||